000 00316nam a2200121 i 4500
001 bg
245 0 _aBibliografia publikacji pracowników Akademii Górniczo-Hutniczej w latach 1959-1967.
260 _aKraków,
_c1969.
040 _cBPK
041 _apol
942 _cKS
008 s pl f |000 0 pol
999 _c14260
_d14260
856 _uhttp://koha.tu.koszalin.pl/cgi-bin/koha/opac-detail.pl?biblionumber=14260
_yKatalog online BPK